Geography Quiz

Random Geography or Asia Quiz

Geography Grab Bag: Asia Quiz Stats

 Plays Quiz Updated Nov 27, 2017

Challenge
Share
Tweet
Embed
Score 0/30 Timer 06:00
2 Plays Today
Description Answer % Correct
Country formerly known as East PakistanBangladesh
76.3%
This & the West Bank are Palestinian TerritoriesGaza Strip
73.4%
Most common religious denomination in IranShia Islam
68.3%
Capital of Japan prior to TokyoKyoto
67.7%
Jakarta resides on the edge of this islandJava
66.6%
Country w/ W border oft set by the Mekong R.Laos
64.1%
With 1 int'l airport, there's a dragon on its flagBhutan
63.4%
Kuala Lumpur can be found on this peninsulaMalay Peninsula
63.3%
The Jordan River empties into this water bodyDead Sea
60.1%
Conventional boundary of northern Asia/EuropeUral Mountains
58.5%
This port city sits at Asia's longest river's mouthShanghai
56.1%
Disputed northern region of the Indian subcontinentKashmir
55.2%
Region of N Iraq, SE Turkey, NE Syria, & NW IranKurdistan
51.8%
Water body located between Vietnam & BruneiSouth China Sea
47.5%
Capital of TurkmenistanAshgabat
45%
Description Answer % Correct
Largest island in the PhilippinesLuzon
43.6%
Chennai & Chittagong both lie on this water bodyBay of Bengal
42.6%
Highest peak of the Karakoram RangeK2
42%
Nakhchivan is a landlocked exclave of this countryAzerbaijan
27.5%
Most spoken language in PakistanPunjabi
21.5%
Largest port city on the Red SeaJeddah
20.8%
The exclave of Musandam sits on this straitStrait of Hormuz
15.4%
River dividing northeastern China from RussiaAmur River
15.2%
China's most populous provinceGuangdong
15.1%
Indian mountain range W of the Eastern GhatsWestern Ghats
14.8%
Yakutsk can be found alongside this riverLena River
14.3%
Large sand desert of Southern ArabiaRub' al Khali
14.2%
Island chain 'linking' Hokkaido w/ KamchatkaKuril Islands
13.2%
Mountain range running down western IranZagros Mountains
8.5%
Chain of limestone shoals between India and Sri LankaAdam's Bridge
3.8%

You're not logged in!

Compare scores with friends on all Sporcle quizzes.
OR
Log In

You Might Also Like...

Show Comments

Extras

Top Quizzes Today


Score Distribution

Your Account Isn't Verified!

In order to create a playlist on Sporcle, you need to verify the email address you used during registration. Go to your Sporcle Settings to finish the process.

Report this User

Report this user for behavior that violates our Community Guidelines.

Details: